A-Z: words ending in B - Statistics

General Stats
  • This quiz has been taken 73 times
  • The average score is 17 of 24
Answer Stats
Initial letter Clue Word ending in B % Correct
G To snatch Grab
98%
L Young sheep Lamb
97%
A Type of word which describes a verb or adjective Adverb
95%
W Uterus, a female organ where a foetus develops Womb
95%
M Angry, dangerous crowd of people Mob
94%
R Steal, burgle Rob
94%
V Type of word which is an action or "doing" word Verb
92%
C Baby's bed Crib
91%
T Short finger Thumb
89%
H The centre of a wheel, network, region or activity Hub
86%
S Kick your toe into the ground / a retained section of a ticket Stub
86%
E Movement of the tide out to sea Ebb
85%
O Ornamental ball with a cross on top Orb
76%
K Round handle or dial Knob
73%
N Small protruding object / crux, central point of a matter Nub
62%
D Dull Drab
59%
P An adage; a simple, traditional saying Proverb
56%
I A type of rhythm used in poetry Iamb
50%
F Explosive weapon designed to burn its target by setting it alight Firebomb
48%
J Projecting arm of a crane Jib
45%
Y Thug, uncouth person Yob
45%
B Tiny piece which has fallen off a loaf Breadcrumb
35%
U A woody, fairly small, low-growing bush Undershrub
6%
Z A cattle-bothering Abyssinian horsefly Zimb
2%
No matching quizzes found
Score Distribution
Percent of People with Each Score
Percentile by Number Answered
Your Score History
You have not taken this quiz